000 00646nam a2200217Ia 4500
008 101110s9999 xx 000 0 und d
041 _aENGLISH
082 _bJR5432
100 _aDharmadhikari M.T.
245 _aHimalaya MHT-CET Physics (Medical\Engineering Pharmacy Std-XII)
260 _c2006
_bHimalaya Publication House, Mumbai
300 _a421
365 _b215
520 _aPhysics
546 _aENGLISH
630 _aHimalaya MHT-CET Physics (Medical\Engineering Pharmacy Std-XII)
650 _aPhysics
655 _aPhysics
730 _aHimalaya MHT-CET Physics (Medical\Engineering Pharmacy Std-XII)
942 _cBOOK
999 _c796227
_d796224